Macdonald v Prentice`s Testamentary Trust and Others (Record no. 24108)
[ view plain ]
| 000 -LEADER | |
|---|---|
| fixed length control field | 01667cab a2200265 4500 |
| 001 - CONTROL NUMBER | |
| control field | E2050 |
| 008 - FIXED-LENGTH DATA ELEMENTS--GENERAL INFORMATION | |
| fixed length control field | 090401t1993 xxu||||| |||| 00| 0 eng d |
| 035 ## - SYSTEM CONTROL NUMBER | |
| System control number | (Sirsi) u37262 |
| 041 ## - LANGUAGE CODE | |
| Language code of text/sound track or separate title | eng |
| 245 ## - TITLE STATEMENT | |
| Title | Macdonald v Prentice`s Testamentary Trust and Others |
| 260 ## - PUBLICATION, DISTRIBUTION, ETC. | |
| Date of publication, distribution, etc. | 1993 |
| 350 ## - PRICE (NR) (BK AM CF MU VM SE) [OBSOLETE] | |
| Price | 0 |
| 490 ## - SERIES STATEMENT | |
| Series statement | SLC |
| Volume/sequential designation | 1993 R 97-125(29) |
| 520 ## - SUMMARY, ETC. | |
| Summary, etc. | SLC Application Lochaber RN 243 - Order of 28 July 1993. The Applicant applied to the Court for a declarator that certain areas of hill grazing formed a common grazing in which she and other crofters had a right to graze and cut peat. The Applicant contended that the area in question constituted a common grazings whilst one of the landlords maintained that the crofters had individual rights of grazing which were pertinents of their crofts. Certain other landlords contended that the crofters` rights amounted only to separate personal licences. The Court, in their decision, considered in detail the difference between a crofter`s right in a common grazing and a crofter;s right of grazing forming a pertinent of his croft. The Court held that the area of ground in question was not a common grazing within the meaning of the Crofters Acts but that the Applicant and the other crofters had individual rights of grazing and cutting peat on the subjects which were deemed to form part of their re |
| 650 ## - SUBJECT ADDED ENTRY--TOPICAL TERM | |
| Topical term or geographic name entry element | COMMON GRAZINGS |
| 650 ## - SUBJECT ADDED ENTRY--TOPICAL TERM | |
| Topical term or geographic name entry element | CROFTERS (SCOTLAND) ACT 1955 |
| 650 ## - SUBJECT ADDED ENTRY--TOPICAL TERM | |
| Topical term or geographic name entry element | CROFTERS RIGHTS |
| 650 ## - SUBJECT ADDED ENTRY--TOPICAL TERM | |
| Topical term or geographic name entry element | CROFTING |
| 650 ## - SUBJECT ADDED ENTRY--TOPICAL TERM | |
| Topical term or geographic name entry element | SCOTLAND |
| 650 ## - SUBJECT ADDED ENTRY--TOPICAL TERM | |
| Topical term or geographic name entry element | SCOTTISH LAND COURT |
| 650 ## - SUBJECT ADDED ENTRY--TOPICAL TERM | |
| Topical term or geographic name entry element | SLC |
| 690 ## - LOCAL SUBJECT ADDED ENTRY--TOPICAL TERM (OCLC, RLIN) | |
| Topical term or geographic name as entry element | LANDLORD AND TENANT-CASE LAW-AGRICULTURAL TENANCIES |
| 942 ## - ADDED ENTRY ELEMENTS (KOHA) | |
| Suppress in OPAC | 0 |
| 948 ## - LOCAL PROCESSING INFORMATION (OCLC); SERIES PART DESIGNATOR (RLIN) | |
| c (OCLC) | 04/03/1997 |
| Withdrawn status | Lost status | Source of classification or shelving scheme | Damaged status | Not for loan | Home library | Current library | Shelving location | Date acquired | Total Checkouts | Full call number | Barcode | Date last seen | Copy number | Price effective from | Koha item type |
|---|---|---|---|---|---|---|---|---|---|---|---|---|---|---|---|
| Dewey Decimal Classification | London | London | Journal article | 14/09/1999 | E2050 | 37262-1001 | 06/08/2019 | 1 | 06/08/2019 | Law report |